[Event "BRA-ch U14 Girls"]
[Site "Florianopolis"]
[Date "2019.04.20"]
[Round "4"]
[White "Diersmann, Carolina Heemann"]
[Black "Novello, Gabriela Brasil"]
[Result "0-1"]
[WhiteElo "1143"]
[BlackElo "1158"]
[PlyCount "52"]
[EventDate "2019.04.18"]
[EventType "swiss"]
[EventRounds "6"]
[EventCountry "BRA"]
[SourceTitle "CBM 190 Extra"]
[Source "ChessBase"]
[SourceDate "2019.07.15"]
[SourceVersion "1"]
[SourceVersionDate "2019.07.15"]
[SourceQuality "1"]

1. e4 c5 2. Nf3 d6 3. Bb5+ Bd7 4. Bxd7+ Nxd7 5. 0-0 Ngf6 6. d3 g6 7. Nc3 Bg7 8. Be3 0-0 9. Qd2 b6 10. Bh6 e6 11. Bg5 Qc7 12. Rfe1 Rfe8 13. d4 a6 14. e5 cxd4 15. Qxd4 dxe5 16. Nxe5 Nxe5 17. Rxe5 Nd7 18. Rd1 Nxe5 19. Bf4 Rad8 20. Qe4 Rxd1+ 21. Nxd1 Rd8 22. Qe2 Qd6 23. Ne3 Qd2 24. Qf1 b5 25. h3 Nc4 26. Nxc4 Qxf4 0-1

[Event "Concordia op 4th"]
[Site "Concordia"]
[Date "2018.06.30"]
[Round "3"]
[White "Diersmann, Carolina Heemann"]
[Black "Menegatti, Vitor Emanuel"]
[Result "1/2-1/2"]
[WhiteElo "1147"]
[BlackElo "1844"]
[PlyCount "147"]
[EventDate "2018.06.29"]
[EventType "swiss"]
[EventRounds "6"]
[EventCountry "BRA"]
[SourceTitle "EXT 2019"]
[Source "ChessBase"]
[SourceDate "2018.10.10"]
[SourceVersion "1"]
[SourceVersionDate "2018.10.10"]
[SourceQuality "1"]

1. e4 c5 2. Nf3 e6 3. c3 Nf6 4. e5 Nd5 5. d4 cxd4 6. cxd4 Qc7 7. Bd2 Nc6 8. Nc3 Nxc3 9. Bxc3 Ne7 10. Rc1 Nd5 11. Bd2 Qb6 12. Rc2 Be7 13. Qc1 d6 14. Rxc8+ Rxc8 15. Qxc8+ Bd8 16. exd6 Qxd6 17. Qxb7 Bb6 18. Bb5+ Kf8 19. Ng5 Qe7 20. Qc6 Nb4 21. Bxb4 Qxb4+ 22. Kf1 Qe7 23. Ke2 g6 24. Ne4 Qb4 25. Qd6+ Qxd6 26. Nxd6 Ke7 27. Nc4 Bxd4 28. Rd1 e5 29. f4 f6 30. fxe5 fxe5 31. a4 Ke6 32. Na5 Rf8 33. Nc6 Rf2+ 34. Kd3 Rxg2 35. Nxd4+ exd4 36. Re1+ Kd5 37. Bc4+ Kc5 38. Re5+ Kd6 39. Rd5+ Kc6 40. Rxd4 Rxb2 41. Bb5+ Kb6 42. Rd6+ Kc5 43. Rc6+ Kb4 44. Rc4+ Ka5 45. Rc7 Rxh2 46. Rxa7+ Kb6 47. Ra6+ Kb7 48. a5 g5 49. Rb6+ Ka7 50. Re6 h5 51. Re7+ Kb8 52. a6 Ra2 53. Rb7+ Ka8 54. Bc4 Ra3+ 55. Rb3 Ra1 56. Bd5+ Ka7 57. Bc4 Rd1+ 58. Ke2 Rd6 59. Ra3 Rf6 60. Ke3 g4 61. Ke4 h4 62. Ke5 Rb6 63. Kd5 g3 64. Ra1 h3 65. Bf1 g2 66. Bxg2 hxg2 67. Rg1 Rb2 68. Kc4 Kxa6 69. Kc3 Rf2 70. Kd3 Kb5 71. Ke3 Ra2 72. Kf3 Kc4 73. Rxg2 Rxg2 74. Kxg2 1/2-1/2

[Event "Concordia op 4th"]
[Site "Concordia"]
[Date "2018.06.29"]
[Round "2"]
[White "Quevedo Naissinger, Willian"]
[Black "Diersmann, Carolina Heemann"]
[Result "1-0"]
[WhiteElo "2050"]
[BlackElo "1147"]
[PlyCount "35"]
[EventDate "2018.06.29"]
[EventType "swiss"]
[EventRounds "6"]
[EventCountry "BRA"]
[SourceTitle "EXT 2019"]
[Source "ChessBase"]
[SourceDate "2018.10.10"]
[SourceVersion "1"]
[SourceVersionDate "2018.10.10"]
[SourceQuality "1"]

1. e4 e5 2. Nf3 Nc6 3. d4 exd4 4. Nxd4 Nxd4 5. Qxd4 Qe7 6. Nc3 Nf6 7. Bg5 h6 8. Bxf6 gxf6 9. Nd5 Qd6 10. Nxf6+ Kd8 11. Nd5 Rg8 12. 0-0-0 h5 13. e5 Bh6+ 14. Kb1 Qe6 15. Bc4 Qc6 16. e6 fxe6 17. Qf6+ Ke8 18. Qe7# 1-0

[Event "BRA-ch U12 Girls"]
[Site "Florianopolis"]
[Date "2018.04.30"]
[Round "4"]
[White "Blau, Emily Camile"]
[Black "Diersmann, Carolina Heemann"]
[Result "0-1"]
[WhiteElo "1210"]
[BlackElo "1746"]
[PlyCount "138"]
[EventDate "2018.04.28"]
[EventType "swiss"]
[EventRounds "6"]
[EventCountry "BRA"]
[SourceTitle "EXT 2021"]
[Source "ChessBase"]
[SourceDate "2020.10.23"]
[SourceVersion "1"]
[SourceVersionDate "2020.10.23"]
[SourceQuality "1"]

1. d4 d5 2. c4 e6 3. Nc3 Nf6 4. Nf3 a6 5. g3 Nbd7 6. Bg2 c5 7. Ne5 Nb6 8. cxd5 exd5 9. dxc5 Bxc5 10. e3 0-0 11. 0-0 Be6 12. a3 a5 13. b3 Bd6 14. Nd3 Qd7 15. a4 Bh3 16. Qf3 Bg4 17. Bh3 Bxh3 18. Re1 Bg4 19. Qg2 Rae8 20. Bd2 Bb4 21. Ra2 d4 22. Nxb4 axb4 23. Nb5 dxe3 24. Rxe3 Rxe3 25. fxe3 Nfd5 26. e4 Nf6 27. Bxb4 Bh3 28. Qe2 Qg4 29. Qxg4 Nxg4 30. Bxf8 Kxf8 31. Rd2 Ke7 32. a5 Nd7 33. Rd5 Ndf6 34. Rd4 Ne3 35. Nc7 Nc2 36. Nd5+ Nxd5 37. Rxd5 Nb4 38. Rb5 Nc6 39. Rxb7+ Bd7 40. Kf2 Nxa5 41. Rb4 Nc6 42. Rb7 Ne5 43. Ke3 Kd6 44. Kd4 Bc6 45. Ra7 Nf3+ 46. Kc4 Nd2+ 47. Kd3 Nxe4 48. Kd4 Nd2 49. b4 Nb3+ 50. Kc3 Nc1 51. Ra6 Ne2+ 52. Kc4 Kc7 53. Kc5 Be4 54. b5 Bb7 55. b6+ Kc8 56. Ra7 Nc3 57. h4 Ne4+ 58. Kb5 Nxg3 59. Ra8+ Bxa8 60. Ka6 Bb7+ 61. Ka7 f5 62. h5 Bd5 63. h6 Kd7 64. Ka6 f4 65. hxg7 Bc4+ 66. Ka5 f3 67. Kb4 Bd5 68. Kc5 Ba2 69. b7 Kc7 0-1

[Event "BRA-ch U12 Girls"]
[Site "Florianopolis"]
[Date "2018.04.30"]
[Round "5"]
[White "Diersmann, Carolina Heemann"]
[Black "Manzatto, Leticia Amabile"]
[Result "0-1"]
[WhiteElo "1746"]
[BlackElo "1312"]
[PlyCount "53"]
[EventDate "2018.04.28"]
[EventType "swiss"]
[EventRounds "6"]
[EventCountry "BRA"]
[SourceTitle "EXT 2021"]
[Source "ChessBase"]
[SourceDate "2020.10.23"]
[SourceVersion "1"]
[SourceVersionDate "2020.10.23"]
[SourceQuality "1"]

1. e4 c5 2. c3 e6 3. Nf3 a6 4. a4 b6 5. Bc4 Qc7 6. 0-0 d6 7. Re1 Nd7 8. d3 Ngf6 9. Be3 Be7 10. d4 cxd4 11. Bxd4 Qxc4 12. b3 Qc7 13. b4 Bb7 14. b5 a5 15. Qd3 0-0 16. Ng5 g6 17. Qh3 Rfe8 18. Re3 h5 19. f3 Bf8 20. g4 Bg7 21. gxh5 Nxh5 22. Bxg7 Kxg7 23. f4 Rh8 24. Qf3 Nc5 25. Qf2 f6 26. Rd3 fxg5 27. Rh3 0-1

[Event "BRA-ch U12 Girls"]
[Site "Florianopolis"]
[Date "2018.04.28"]
[Round "2"]
[White "Da Silva Pinto, Maria Cecilia"]
[Black "Diersmann, Carolina Heemann"]
[Result "1-0"]
[WhiteElo "1169"]
[BlackElo "1746"]
[PlyCount "79"]
[EventDate "2018.04.28"]
[EventType "swiss"]
[EventRounds "6"]
[EventCountry "BRA"]
[SourceTitle "EXT 2021"]
[Source "ChessBase"]
[SourceDate "2020.10.23"]
[SourceVersion "1"]
[SourceVersionDate "2020.10.23"]
[SourceQuality "1"]

1. d4 d5 2. Nf3 e6 3. Bf4 Bd6 4. Bg3 Nf6 5. e3 0-0 6. c4 Ne4 7. Nc3 Bb4 8. Qd3 c6 9. Be2 Nd7 10. 0-0 Nxg3 11. hxg3 Nf6 12. a3 Bd6 13. c5 Be7 14. Rfe1 b6 15. b4 a5 16. e4 Ba6 17. Qc2 Bxe2 18. Qxe2 Ng4 19. e5 f6 20. Nh4 fxe5 21. Qxg4 exd4 22. Qxe6+ Kh8 23. Qxe7 dxc3 24. Qxd8 Raxd8 25. cxb6 d4 26. b7 Ra8 27. bxa8Q Rxa8 28. Re4 axb4 29. Rae1 h5 30. axb4 d3 31. Nf3 c2 32. Rd4 Ra3 33. Rc1 Rc3 34. Ne5 c5 35. Rxd3 cxb4 36. Rxc3 bxc3 37. Rxc2 g5 38. Rxc3 h4 39. gxh4 gxh4 40. Ng6+ 1-0

[Event "Catarinense-ch (Women)"]
[Site "Concordia"]
[Date "2018.02.25"]
[Round "5"]
[White "Diersmann, Carolina Heemann"]
[Black "Moretto, Leticia Soares"]
[Result "0-1"]
[WhiteElo "1746"]
[BlackElo "1300"]
[PlyCount "94"]
[EventDate "2018.02.23"]
[EventType "swiss"]
[EventRounds "6"]
[EventCountry "BRA"]
[SourceTitle "EXT 2019"]
[Source "ChessBase"]
[SourceDate "2018.10.10"]
[SourceVersion "1"]
[SourceVersionDate "2018.10.10"]
[SourceQuality "1"]

1. e4 c5 2. Bc4 g6 3. d3 Bg7 4. Bg5 Bxb2 5. Nd2 Bxa1 6. Qxa1 Nf6 7. e5 Ng8 8. e6 f6 9. exd7+ Nxd7 10. Ne4 Ne5 11. Bb5+ Bd7 12. Bxd7+ Nxd7 13. f4 Qb6 14. Nf3 c4 15. dxc4 Qe3+ 16. Kf1 Qxe4 17. Ne1 Qxc4+ 18. Kg1 Qc5+ 19. Kf1 Qf5 20. Nd3 h6 21. Bh4 Rh7 22. Qd4 e5 23. Qc4 Rg7 24. Qc7 Rd8 25. Nc5 Qxf4+ 26. Ke1 Qe3+ 27. Kd1 Qxc5 28. Qxc5 Nxc5+ 29. Kc1 Rgd7 30. Re1 Rc8 31. Re3 g5 32. Bf2 Nd3+ 33. Kb1 Nxf2 34. Re2 Nd1 35. Re1 Nc3+ 36. Kb2 Na4+ 37. Ka1 Rcd8 38. Rb1 Rd1 39. a3 Rxb1+ 40. Kxb1 Rd2 41. h3 e4 42. Kc1 Rxg2 43. Kb1 e3 44. h4 e2 45. hxg5 e1Q+ 46. Ka2 Qc3 47. Kb1 Qb2# 0-1